| 000 | 00822nam a2200205 a 4500 | ||
|---|---|---|---|
| 008 | 120416s1989 ||||||||||||||||| || u | ||
| 020 | _a9154093422 | ||
| 050 | _aHD 7287.82Z7.X2H3 Sch | ||
| 100 | _aSchlyter, Ann | ||
| 245 | 1 | 0 | _aWomen householders and housing strategies: the case of Harare, Zimbabwe |
| 246 | _athe case of Harare, Zimbabwe | ||
| 260 |
_aStockholm: _bThe National Swedish Institute for Build _c1989 |
||
| 350 | _a0.00 | ||
| 650 | _aHOUSING | ||
| 650 | _aWOMEN HEADS OF HOUSEHOLDS--ZIMBABWE | ||
| 650 | _aWOMEN--HOUSING--ZIMBABWE | ||
| 650 | _aWOMEN--ZIMBABWE--HARARE--SOCIAL CONDITIONS | ||
| 650 | _aHOUSING POLICY--ZIMBABWE | ||
| 995 |
_D0.00 _FCBU-MAIN LIBRARY (Kitwe) _H1 _I10.00 _M1 _UAVAILABLE _ZMain Library Open Access Collection |
||
| 999 |
_c61843 _d61843 |
||